Iranian Journal of Science and Technology. Transactions of Civil Engineering

Bibliographic Details
Format: Electronic Journal
Language:English
Published: Berlin : Springer
Subjects:
Online Access:Full text available from Research Library: 02/01/2011 to 12/31/2018

MARC

LEADER 00000nas a2200000 i 4500
001 ssj0001073068
003 WaSeSS
005 20200512172242.0
006 m d
007 cr n
008 130703c20uu9999ir qr p s 0 a0eng
010 |a  2019204700 
022 |a 2364-1843  |y 2228-6160 
035 |a (WaSeSS)ssj0001073068 
040 |a CNCGM  |b eng  |e pn  |c CNCGM  |d DKU  |d OCLCO  |d CUD  |d OCLCF  |d OCLCO  |d OCLCQ  |d UAB  |d Z5A  |d OCLCQ  |d DLC  |d VT2  |d WaSeSS 
042 |a lccopycat 
050 0 0 |a TA1 
130 0 |a Iranian Journal of Science and Technology. Transactions of Civil Engineering (Online) 
245 1 0 |a Iranian Journal of Science and Technology. Transactions of Civil Engineering  |h [electronic resource]. 
246 1 |a Iranian Journal of Science and Technology 
260 |a Berlin :  |b Springer 
310 |a Quarterly 
362 1 |a Began with Volume 40, issue 1 (March 2016). 
506 |a License restrictions may limit access. 
588 |a Description based on: Volume 40, issue 1 (March 2016); title from contents screen (Springer LINK, viewed April 15, 2016). 
588 |a Latest issue consulted: Volume 42, issue 4 (December 2018) (viewed January 9, 2019). 
650 0 |a Civil engineering  |v Periodicals. 
650 7 |a Civil engineering.  |2 fast  |0 (OCoLC)fst00862488 
655 0 |a Electronic journals. 
776 0 8 |i Print version:  |t Iranian journal of science and technology  |x 2228-6160  |w (DLC) 2015215495  |w (OCoLC)947066758 
850 |a DLC 
856 4 0 |z Full text available from Research Library: 02/01/2011 to 12/31/2018  |u https://search.proquest.com/publication/2026721